Estudio del uso de Quitosana como coagulante en muestras del Río Fonseca y del Lago Cocibolca
Presenta evaluación de Quitosana como coagulante en aguas crudas naturales y la composición con resultados obtenidos con sulfato de aluminio, contiene caracterización de las muestras de agua cruda proveniente del Rio Fonseca y del lago Cocibolca, en cuanto a la presencia de materia orgánica y ot...
| Main Author: | |
|---|---|
| Other Authors: | |
| Format: | Tesis Section = Libro |
| Language: | Undetermined Spanish |
| Published: |
Managua
UNI
2011
|
| Subjects: |
| LEADER | 01298nam a2200229Ia 4500 | ||
|---|---|---|---|
| 008 | 240830s9999 xx 000 0 und d | ||
| 040 | |a CEDOC DACA-RUSB / Mon 628.1622 P339 | ||
| 041 | |a spa | ||
| 082 | |a Mon 628.1622 P339 | ||
| 100 | 1 | |a Pavón Gaitán, Javier Antonio | |
| 245 | 1 | 0 | |a Estudio del uso de Quitosana como coagulante en muestras del Río Fonseca y del Lago Cocibolca |
| 260 | |a Managua |b UNI |c 2011 | ||
| 300 | |a 79 p. :il | ||
| 502 | |a Tesis (Ingeniero Químico) -UNI, 2011. | ||
| 520 | 3 | |a Presenta evaluación de Quitosana como coagulante en aguas crudas naturales y la composición con resultados obtenidos con sulfato de aluminio, contiene caracterización de las muestras de agua cruda proveniente del Rio Fonseca y del lago Cocibolca, en cuanto a la presencia de materia orgánica y otros compuestos de origen fisicoquímico, muestra experimentos del proceso de coagulación, floculación, sedimentación empleando como coagulante quitosana, primeramente y sulfato de aluminio posteriormen | |
| 650 | 7 | |a TRATAMIENTO DE AGUA - QUITOSANA | |
| 650 | 7 | |b COAGULACIÓN - FLOCULACIÓN Y SEDIMENTACIÓN. | |
| 650 | 7 | |c AGUA - PRUEBAS - ANÁLISIS - TRATAMIENTO – CONTAMINACIÓN. | |
| 700 | 1 | |a Tutor: |b García, Indiana | |
| 942 | |c BK |2 ddc | ||
| 991 | |a TESIS | ||
| 999 | |c 26296 | ||